Quy định mới nhất về quản lý thu chi tài chính qua hệ thống kho bạc nhà nước : (chế độ thanh tóan nghỉ phép & Hệ thống mục lục ngân sách sửa đổi, bổ sung)

Những quy định mới nhất về quản lý tài chính, định mức thu, chế độ thu, nộp, quản lý, sử dụng phí & quản lý ngân sách nhà nước. Chế độ phụ cấp công vụ và thanh tóan tiền nghỉ phép. Quy định mới về kế tóan, kiểm tóan,.......

पूर्ण विवरण

में बचाया:
ग्रंथसूची विवरण
निगमित लेखक: Bộ Tài chính
स्वरूप: पुस्तक
भाषा:Undetermined
प्रकाशित: Hà Nội Tài chính 2011
विषय:
टैग : टैग जोड़ें
कोई टैग नहीं, इस रिकॉर्ड को टैग करने वाले पहले व्यक्ति बनें!
Thư viện lưu trữ: Trung tâm Học liệu Trường Đại học Cần Thơ
LEADER 01380nam a2200241Ia 4500
001 CTU_173939
008 210402s9999 xx 000 0 und d
020 |c 325000 
082 |a 343.59703 
082 |b B450 
110 |a Bộ Tài chính 
245 0 |a Quy định mới nhất về quản lý thu chi tài chính qua hệ thống kho bạc nhà nước : 
245 0 |b (chế độ thanh tóan nghỉ phép & Hệ thống mục lục ngân sách sửa đổi, bổ sung) 
245 0 |c Thùy Linh, Việt Trinh (Sưu tầm và hệ thống hóa) 
260 |a Hà Nội 
260 |b Tài chính 
260 |c 2011 
520 |a Những quy định mới nhất về quản lý tài chính, định mức thu, chế độ thu, nộp, quản lý, sử dụng phí & quản lý ngân sách nhà nước. Chế độ phụ cấp công vụ và thanh tóan tiền nghỉ phép. Quy định mới về kế tóan, kiểm tóan,.... 
650 |a Finance, Public,Tài chính công,Budget,Ngân sách 
650 |x Accounting,Law and legislation,Kế toán,Luật và pháp luật,Law and legislation,Luật và pháp luật 
650 |z Vietnam,Việt Nam,Vietnam 
904 |i Năm 
980 |a Trung tâm Học liệu Trường Đại học Cần Thơ